50 ACTIVITIES FOR DEVLOPING LEADERSHIP (Record no. 1877)
[ view plain ]
| 000 -LEADER | |
|---|---|
| fixed length control field | 00367nam a2200157Ia 4500 |
| 003 - CONTROL NUMBER IDENTIFIER | |
| control field | OSt |
| 005 - DATE AND TIME OF LATEST TRANSACTION | |
| control field | 20240322152327.0 |
| 008 - FIXED-LENGTH DATA ELEMENTS--GENERAL INFORMATION | |
| fixed length control field | 170523s9999 xx 000 0 und d |
| 020 ## - INTERNATIONAL STANDARD BOOK NUMBER | |
| International Standard Book Number | nil |
| 040 ## - CATALOGING SOURCE | |
| Transcribing agency | IIMT UNIVERSITY, MEERUT |
| 100 ## - MAIN ENTRY--PERSONAL NAME | |
| Personal name | PARKER, GLEM M |
| 245 #0 - TITLE STATEMENT | |
| Title | 50 ACTIVITIES FOR DEVLOPING LEADERSHIP |
| 260 ## - PUBLICATION, DISTRIBUTION, ETC. | |
| Name of publisher, distributor, etc. | PHI |
| Date of publication, distribution, etc. | 2004 |
| 300 ## - PHYSICAL DESCRIPTION | |
| Extent | 319 |
| 942 ## - ADDED ENTRY ELEMENTS (KOHA) | |
| Source of classification or shelving scheme | |
| Koha item type | Book Bank |
| Withdrawn status | Lost status | Source of classification or shelving scheme | Damaged status | Not for loan | Home library | Current library | Date acquired | Total Checkouts | Barcode | Date last seen | Price effective from | Koha item type | Date last checked out |
|---|---|---|---|---|---|---|---|---|---|---|---|---|---|
| IIMT University Central Library Meerut | IIMT University Central Library Meerut | 05/29/2017 | 01-B-9133 | 05/29/2017 | 05/29/2017 | Book Bank | |||||||
| IIMT University Central Library Meerut | IIMT University Central Library Meerut | 05/29/2017 | 1 | 01-B-9134 | 09/11/2017 | 05/29/2017 | Book Bank | 09/04/2017 | |||||
| IIMT University Central Library Meerut | IIMT University Central Library Meerut | 05/29/2017 | 01-B-9135 | 05/29/2017 | 05/29/2017 | Book Bank | |||||||
| IIMT University Central Library Meerut | IIMT University Central Library Meerut | 05/29/2017 | 01-B-9136 | 05/29/2017 | 05/29/2017 | Book Bank | |||||||
| IIMT University Central Library Meerut | IIMT University Central Library Meerut | 05/29/2017 | 01-B-9137 | 05/29/2017 | 05/29/2017 | Book Bank |

